Lactancia mercenaria en Barcelona (Record no. 165113)

MARC details
000 -LEADER
campo de control de longitud fija 00976nam a2200205 i 4500
001 - NÚMERO DE CONTROL
campo de control 165113
003 - IDENTIFICADOR DE NÚMERO DE CONTROL
campo de control ES-MaACL
005 - FECHA Y HORA DE LA ÚLTIMA TRANSACCIÓN
campo de control 20230906213053.0
008 - DATOS DE LONGITUD FIJA--INFORMACIÓN GENERAL
campo de control de longitud fija 050816s1899 sp |||| | spa d
100 1# - ENTRADA PRINCIPAL--NOMBRE DE PERSONA
Nombre de persona Segalá y Estalella, Manuel.
9 (RLIN) 132621
245 10 - MENCIÓN DEL TÍTULO
Título Lactancia mercenaria en Barcelona
Resto del título : datos estadísticos referentes a la misma /
Mención de responsabilidad, etc. por Manuel Segalá Estalella.
260 ## - PUBLICACIÓN, DISTRIBUCIÓN, ETC.
Lugar de publicación, distribución, etc. Barcelona :
Nombre del editor, distribuidor, etc. [s.n.],
Fecha de publicación, distribución, etc. 1899 (
Fabricante Tip La Académica, de Serra hermanos y Russell)
300 ## - DESCRIPCIÓN FÍSICA
Extensión 16 p. ;
Dimensiones 27 cm.
500 ## - NOTA GENERAL
Nota general En cub.: Sección 6ª. Higiene infantil.
594 ## - Nota al título y mención de responsabilidad
Nota al título y mención de responsabilidad Precede al tít.: IX Congreso Internacional de Higiene y Demografía, Madrid.
650 #4 - PUNTO DE ACCESO ADICIONAL DE MATERIA--TÉRMINO DE MATERIA
Término de materia o nombre geográfico como elemento de entrada Amas de cría.
9 (RLIN) 149340
650 #4 - PUNTO DE ACCESO ADICIONAL DE MATERIA--TÉRMINO DE MATERIA
Término de materia o nombre geográfico como elemento de entrada Lactantes-
Subdivisión general Alimentación.
9 (RLIN) 170603
711 2# - ENTRADA AGREGADA--NOMBRE DE REUNIÓN
Nombre de congreso/reunión o jurisdicción como elemento de entrada Congreso Internacional de Higiene y Demografía (
Número del congreso/reunión o número de parte o sección 9ª.
Fecha del congreso o de la firma del tratado 1898.
Sede del congreso/Lugar de la reunión Madrid)
9 (RLIN) 135086
852 ## - LOCALIZACIÓN
Ubicación ES-MaACL
Número de control de estantería T-784-F-11
Nota libre - Enc. hol., conservando cub. original
-- - Enc. en un vol. facticio
-- .- Dedicatoria manuscrita del autor
Holdings
Estatus retirado Estado de pérdida Estado de daño No para préstamo Colección Biblioteca de origen Biblioteca actual Ubicación en estantería Fecha de adquisición Total de préstamos Signatura topográfica completa Código de barras Visto por última vez Precio de reemplazo Tipo de ítem Koha
        Colección de folletos Biblioteca del Ateneo de Madrid Biblioteca del Ateneo de Madrid Depósito folletos 17/01/2008   T-784-F-11 1173126 23/02/2023 23/02/2023 Folleto